000 00344 a2200157 4500
001 11295
020 _a9788573404869
040 _cAnchieta - Aquarius
100 _aSiret, Dawn
240 1 0 _a*Astronauta por um dia
_lpor
245 1 0 _a*Astronauta por um dia
300 _a
362 0 _a2005
650 4 _aLiteratura infantil
942 _cBK
999 _c11295
_d11295